[Event "Krapina op 10th"]
[Site "Krapina"]
[Date "2020.01.18"]
[Round "4"]
[White "Lupinski, Valentin"]
[Black "Jakovic, Roko"]
[Result "0-1"]
[WhiteElo "1564"]
[BlackElo "1760"]
[PlyCount "76"]
[EventDate "2020.01.16"]
[EventType "swiss"]
[EventRounds "7"]
[EventCountry "CRO"]
[SourceTitle "CBM 194 Extra"]
[Source "ChessBase"]
[SourceDate "2020.03.31"]
[SourceVersion "1"]
[SourceVersionDate "2020.03.31"]
[SourceQuality "1"]

1. d4 d5 2. c4 c6 3. Nc3 Nf6 4. e3 Bf5 5. cxd5 cxd5 6. Bd3 Bxd3 7. Qxd3 a6 8. Nf3 e6 9. 0-0 Nbd7 10. Ne2 Bd6 11. Ng3 0-0 12. Bd2 Rc8 13. Rac1 Qe7 14. a3 b5 15. Ne5 Nxe5 16. dxe5 Bxe5 17. Bb4 Bd6 18. Bxd6 Qxd6 19. Rfd1 Qe5 20. b4 h6 21. h3 Rfd8 22. Ne2 Rc4 23. Nd4 Rdc8 24. Ne2 Ne4 25. Rxc4 Rxc4 26. f3 Nc3 27. Rd2 Nxe2+ 28. Qxe2 Qa1+ 29. Kh2 Qxa3 30. Ra2 Qxb4 31. Rxa6 Qc3 32. Ra8+ Kh7 33. Ra7 b4 34. Rxf7 b3 35. Rb7 Rb4 36. Rxb4 Qxb4 37. Qd3+ Kh8 38. Qa6 Qb8+ 0-1

[Event "Krapina-ch 8th "]
[Site "Krapina"]
[Date "2018.01.21"]
[Round "7"]
[White "Lupinski, Valentin"]
[Black "Tomic, Stjepan"]
[Result "1-0"]
[WhiteElo "1550"]
[BlackElo "1775"]
[PlyCount "131"]
[EventDate "2018.01.18"]
[EventType "swiss"]
[EventRounds "7"]
[EventCountry "CRO"]
[SourceTitle "EXT 2019"]
[Source "ChessBase"]
[SourceDate "2018.10.10"]
[SourceVersion "1"]
[SourceVersionDate "2018.10.10"]
[SourceQuality "1"]

1. d4 d5 2. Bf4 Bf5 3. e3 Nf6 4. Bd3 Bxd3 5. Qxd3 c6 6. c3 Nbd7 7. h3 g6 8. Nf3 Bg7 9. Nbd2 0-0 10. Ne5 Nh5 11. Nxd7 Nxf4 12. exf4 Qxd7 13. Nf1 Qc7 14. g3 c5 15. dxc5 Qxc5 16. Nd2 d4 17. Nb3 Qc6 18. 0-0 dxc3 19. bxc3 Qxc3 20. Qe4 Qc6 21. Qxc6 bxc6 22. Rac1 Rfc8 23. Rc5 Rab8 24. Rfc1 Bb2 25. R1c2 Ba3 26. Ra5 Bd6 27. Rxa7 Ra8 28. Ra5 Rxa5 29. Nxa5 c5 30. Nc4 Ra8 31. Kg2 Kf8 32. Kf3 Ke8 33. Ke4 Ra6 34. h4 Kd8 35. Kd5 Kc7 36. Ne5 e6+ 37. Ke4 f5+ 38. Kf3 Ra3+ 39. Ke2 Bxe5 40. fxe5 Kc6 41. Rd2 Kb5 42. Rc2 h6 43. Kf1 g5 44. hxg5 hxg5 45. Kg2 g4 46. Rb2+ Kc6 47. Rd2 Kb5 48. Rd6 Ra6 49. Rxa6 Kxa6 50. Kf1 Kb5 51. Ke2 Kb4 52. Kd3 c4+ 53. Kc2 Kc5 54. Kc3 Kd5 55. a4 Kxe5 56. a5 Kd6 57. a6 Kc7 58. Kxc4 e5 59. Kd5 f4 60. Kxe5 fxg3 61. fxg3 Kb6 62. Kf4 Kxa6 63. Kxg4 Kb6 64. Kf5 Kc7 65. Kf6 Kd8 66. Kf7 1-0

[Event "Krapina-ch 8th "]
[Site "Krapina"]
[Date "2018.01.18"]
[Round "1"]
[White "Lupinski, Valentin"]
[Black "Mlinaric, Andrija"]
[Result "0-1"]
[WhiteElo "1550"]
[BlackElo "1890"]
[PlyCount "90"]
[EventDate "2018.01.18"]
[EventType "swiss"]
[EventRounds "7"]
[EventCountry "CRO"]
[SourceTitle "EXT 2019"]
[Source "ChessBase"]
[SourceDate "2018.10.10"]
[SourceVersion "1"]
[SourceVersionDate "2018.10.10"]
[SourceQuality "1"]

1. d4 Nf6 2. c4 d6 3. Nf3 g6 4. Nc3 Bg7 5. e4 0-0 6. Be2 e5 7. d5 a5 8. 0-0 Bg4 9. Nd2 Bd7 10. a4 Na6 11. Nb3 b6 12. Be3 Qc8 13. Nc1 Nc5 14. f3 Nh5 15. f4 exf4 16. Bxf4 Nxf4 17. Rxf4 Be5 18. Rf2 Bxc3 19. bxc3 Nxe4 20. Rf3 Qd8 21. Qc2 Nc5 22. Nd3 Nxd3 23. Bxd3 Qe7 24. Raf1 Rae8 25. h3 Qg5 26. Kh1 Re3 27. Qd2 Re5 28. Qf2 Qe7 29. Qc2 Re1 30. Kg1 Qe8 31. Kh1 Rxf1+ 32. Rxf1 Bxa4 33. Qd2 Qe5 34. Re1 Qf6 35. Rf1 Qh4 36. Rf4 Qh5 37. Qf2 Qd1+ 38. Bf1 Qc1 39. Qd4 b5 40. cxb5 Bxb5 41. c4 Bd7 42. Kh2 Qe1 43. Bd3 Qe5 44. Qf2 g5 45. Qg3 Qxf4 0-1

[Event "Krapina op 6th"]
[Site "Krapina"]
[Date "2016.01.21"]
[Round "1"]
[White "Lupinski, Valentin"]
[Black "Zigovecki, Vladimir"]
[Result "0-1"]
[WhiteElo "1585"]
[BlackElo "1637"]
[PlyCount "72"]
[EventDate "2016.01.21"]
[EventType "swiss"]
[EventRounds "7"]
[EventCountry "CRO"]
[SourceTitle "CBM 170 Extra"]
[Source "ChessBase"]
[SourceDate "2016.02.25"]
[SourceVersion "1"]
[SourceVersionDate "2016.02.25"]
[SourceQuality "1"]

1. d4 Nf6 2. c4 e5 3. d5 Bc5 4. Bg5 Ne4 5. Nh3 Nxg5 6. Nxg5 Qxg5 7. g3 Bb4+ 8. Nc3 0-0 9. Bg2 d6 10. 0-0 Bxc3 11. bxc3 b6 12. e4 Nd7 13. Qa4 Qd8 14. Qc2 Nc5 15. a4 f5 16. f3 f4 17. g4 Bd7 18. Rfb1 a5 19. Ra2 Qh4 20. h3 h5 21. Rba1 hxg4 22. hxg4 Kf7 23. Qf2 Qh6 24. Kf1 Rh8 25. Ke2 Qh4 26. Qxh4 Rxh4 27. Kf1 Rah8 28. Kg1 g5 29. Kf1 Kg6 30. Kg1 Rf8 31. Kf1 Bxg4 32. fxg4 f3 33. Rf2 fxg2+ 34. Kxg2 Rxg4+ 35. Kh3 Rh4+ 36. Kg2 Rxf2+ 0-1